02087aam a2200277 i 4500001001000000003001000010005001700020007000300037008004100040020002200081040004800103041000800151082002000159100002800179245004900207264005300256264001200309300003200321336002700353337003300380338002800413505068700441505065301128563001501781650001301796768714001CO-MdFUSB20200528124743.0ta200528s1945 enka|||| |||| 00| 0 eng d a[No incluye ISBN] bspa.aCO-MdFUSBcCO-MdFUSBdCO-MdFUSBCerda aeng04223a265.3bD6191 aDix, Dom Gregoryeautor14aThe shape of the liturgyc/ Dom Gregory Dix 1aGlasgow, Gran Bretaña : bDacre Press,c[1945] 4c© 1945 axix, 764 páginasc; 23 cm atextobtxt2rdacontent 2rdamediaasin mediaciónbn 2rdacarrieravolumenbnc aIntroducción: el propósito de este ensayo - La liturgia y la acción eucarística - La realización de la liturgia - La forma clásica de la liturgia - Eucaristía y la Cena del Señor - La forma clásica de la liturgia - El pre Antecedentes de niceno en la liturgia - La oración eucarística - Detrás de las tradiciones locales - El significado de la Eucaristía - La teología de la consagración - El santificación del tiempo - El desarrollo del ceremonial - La realización de la forma de la liturgia - Oraciones variables en la Eucaristía - El desarrollo medieval - La reforma y la liturgia anglicana - A lo largo de todas las edades, un mundo sin fin.00aIntroduction: the purpose of this essay -- The liturgy and the eucharistic action -- The performance of the liturgy -- The classical shape of the liturgy -- Eucharist and Lord' Supper -- The classical shape of the liturgy -- The pre-Nicene background on the liturgy -- The Eucharistic prayer --Behind the local traditions -- The meaning of the Eucharist -- The theology of consecration --The sanctification of time -- The development of ceremonial -- The completion of the shape of the liturgy -- Variable prayers at the Eucharist --The mediaeval development -- The reformation and the Anglican liturgy -- Throughout all ages, world without end. aPasta dura 7aLiturgia